Simulácie budov /

Uložené v:
Podrobná bibliografia
Hlavný autor: Ponechal, Radoslav
Médium: Kniha
Jazyk:Slovak
Vydané: V Žiline : Žilinská univerzita, 2015.
Vydanie:1. vyd.
Edícia:Vysokoškolské učebnice
Témy:
ISBN: 9788055410661 (viaz.)
Fyzický popis: 156 s. : fotogr., grafy, il., sch., tab. ; 25 cm.
Tagy: Pridať tag
Žiadne tagy, Buďte prvý kto otaguje tento záznam!

MARC

LEADER 00000nam a2200000 a 4500
001 000497821
005 20160317143546.0
008 151215s2015 xo adlof p 000 0 slo d
FMT
020 |a 9788055410661 (viaz.) 
040 |a SVKKK  |b slo  |c SVKKK  |e AACR2 
041 0 |a slo 
044 |a xo  |c SK 
072 7 |a 004  |x Počítačová veda. Výpočtová technika. Informačné technológie  |2 konspekt 
080 |a 004.94  |2 2001 
080 |a 721  |2 2001 
080 |a 519.876.5  |2 2001 
080 |a 72.012  |2 2001 
080 |a (075.8)  |2 2001 
100 1 |a Ponechal, Radoslav 
245 1 0 |a Simulácie budov /  |c Radoslav Ponechal. 
250 |a 1. vyd. 
260 |a V Žiline :  |b Žilinská univerzita,  |c 2015. 
300 |a 156 s. :  |b fotogr., grafy, il., sch., tab. ;  |c 25 cm. 
366 |e 100 výtl. 
490 1 |a Vysokoškolské učebnice 
504 |a Skratky: s. 7; bibl. odkazy 
521 4 |a Publ. je určená predovšet. študent. inžinier. a doktorand. štúdia z oblasti pozemného staviteľstva, ako aj odb. verejnosti 
650 0 7 |a počítačová simulácia  |2 SVKKKPH 
650 0 7 |a budovy  |2 SVKKKPH 
650 0 7 |a simulačné modely  |2 SVKKKPH 
650 0 7 |a projektové návrhy  |2 SVKKKPH 
655 7 |a učebnice vysokých škôl  |2 SVKKKPH 
810 2 |a Žilinská univerzita (Žilina, Slovensko).  |t Vysokoškolské učebnice 
910 |a svkkk 
919 |a 978-80-554-1066-1 
998 |a BK 
OWN
Z30 1 |l SCK01  |l SCK01  |m BOOK  |1 SCKHL  |2 SK2  |b Sklad Hlavná 10 prízemie  |3 IV.225698  |6 1069785  |q 20160107  |5 2720331550  |8 20160107  |f 70  |s Absenčne  |g 000109088  |h SCKHL  |z 15.05  |t 00000000  |u 0000  |w 000497821  |x 000010 
Z30 1 |l SCK01  |l SCK01  |m BOOK  |1 SCKHL  |2 SK2  |b Sklad Hlavná 10 prízemie  |3 IV.225699  |6 1069786  |q 20160107  |5 2720331549  |8 20160107  |f 70  |s Absenčne  |g 000109088  |h SCKHL  |z 15.05  |t 20190510  |u 1736  |w 000497821  |x 000020 
a02 0 |a 9788055410661 (viaz.) 
090 |g SCKHL  |k Sklad Hlavná 10 prízemie  |a IV.225698  |j 1069785  |i 2720331550  |s Absenčne 
090 |g SCKHL  |k Sklad Hlavná 10 prízemie  |a IV.225699  |j 1069786  |i 2720331549  |s Absenčne